[Event "Sliven op 17th"]
[Site "Sliven"]
[Date "2016.10.02"]
[Round "7"]
[White "Kralevski, Aleksander"]
[Black "Glavchev, Stanislav"]
[Result "1-0"]
[WhiteElo "2130"]
[BlackElo "2074"]
[PlyCount "73"]
[EventDate "2016.09.30"]
[EventType "swiss"]
[EventRounds "7"]
[EventCountry "BUL"]
[SourceTitle "EXT 2017"]
[Source "ChessBase"]
[SourceDate "2016.10.25"]
[SourceVersion "1"]
[SourceVersionDate "2016.10.25"]
[SourceQuality "1"]

1. e4 Nc6 2. Nf3 d6 3. d4 Nf6 4. Nc3 Bg4 5. Be2 e6 6. Be3 d5 7. e5 Nd7 8. Ng5 Bxe2 9. Qxe2 Bb4 10. Qh5 Qe7 11. 0-0 Bxc3 12. bxc3 h6 13. a4 g6 14. Qh3 0-0-0 15. Nf3 g5 16. a5 Rdg8 17. Nd2 g4 18. Qg3 h5 19. f4 f6 20. Qe1 Qh7 21. Qe2 Ne7 22. Nb3 Nf5 23. Bc1 h4 24. Qd3 Ne7 25. a6 b6 26. f5 Nxf5 27. exf6 Nxf6 28. c4 Ne4 29. Bf4 g3 30. h3 Rf8 31. cxd5 exd5 32. Be5 Rhg8 33. Rf4 Nf2 34. Qf3 Qd7 35. c4 Ne4 36. Rf1 Ng5 37. Qxd5 1-0

[Event "Sliven op 17th"]
[Site "Sliven"]
[Date "2016.09.30"]
[Round "2"]
[White "Glavchev, Stanislav"]
[Black "Stankov, Apostol"]
[Result "1/2-1/2"]
[WhiteElo "2074"]
[BlackElo "1833"]
[PlyCount "102"]
[EventDate "2016.09.30"]
[EventType "swiss"]
[EventRounds "7"]
[EventCountry "BUL"]
[SourceTitle "EXT 2017"]
[Source "ChessBase"]
[SourceDate "2016.10.25"]
[SourceVersion "1"]
[SourceVersionDate "2016.10.25"]
[SourceQuality "1"]

1. e4 d6 2. Nc3 c5 3. f4 Nc6 4. Nf3 g6 5. Bb5 Bg7 6. Bxc6+ bxc6 7. d3 Rb8 8. 0-0 Nf6 9. Qe1 0-0 10. b3 Qa5 11. Bd2 Qb6 12. Na4 Qc7 13. c4 Ba6 14. Rc1 e6 15. Kh1 Nd7 16. Bc3 f6 17. Bd2 Rfe8 18. Qh4 Nb6 19. Nc3 Rbd8 20. Rce1 d5 21. e5 fxe5 22. fxe5 Nd7 23. Ng5 Nf8 24. Rf7 Rd7 25. Ref1 Ree7 26. Rxe7 Rxe7 27. Na4 Qxe5 28. Bc3 d4 29. Re1 Qf5 30. Bd2 h6 31. Ne4 g5 32. Qh5 Rf7 33. Qe2 Qe5 34. Naxc5 Bc8 35. b4 Nd7 36. Nxd7 Bxd7 37. Kg1 Be8 38. Nc5 Qxe2 39. Rxe2 e5 40. Be1 Rf5 41. Bg3 Bh5 42. Rb2 Bg6 43. a4 Rf8 44. Re2 Re8 45. Kf2 Kf7 46. Ne4 Bxe4 47. Rxe4 Ke6 48. Re1 a6 49. Rb1 Rb8 50. Ke2 Bf8 51. Be1 Bd6 1/2-1/2

[Event "Dyuni op 2nd"]
[Site "Dyuni"]
[Date "2016.09.02"]
[Round "1"]
[White "Glavchev, Stanislav"]
[Black "Babatov, Martin"]
[Result "1-0"]
[WhiteElo "2074"]
[BlackElo "1629"]
[PlyCount "71"]
[EventDate "2016.09.02"]
[EventType "swiss"]
[EventRounds "7"]
[EventCountry "BUL"]
[SourceTitle "CBM 174 Extra"]
[Source "ChessBase"]
[SourceDate "2016.10.10"]
[SourceVersion "1"]
[SourceVersionDate "2016.10.10"]
[SourceQuality "1"]

1. e4 c6 2. d4 d5 3. exd5 cxd5 4. Bd3 Nc6 5. c3 Nf6 6. Bf4 g6 7. Nd2 Bg7 8. Ngf3 Bg4 9. h3 Bxf3 10. Nxf3 e6 11. Qb3 Qe7 12. 0-0 0-0 13. Rfe1 a6 14. Qb6 Rac8 15. Rac1 Rfe8 16. Nd2 Nh5 17. Bh2 Bh6 18. Rcd1 Bxd2 19. Rxd2 Qg5 20. Rde2 Re7 21. Re3 Nf4 22. Bf1 Rd7 23. Rg3 Qd8 24. Qxd8+ Rcxd8 25. Rf3 Nh5 26. g4 Ng7 27. Rfe3 h5 28. Bf4 hxg4 29. hxg4 Ne8 30. Kg2 Nd6 31. Bg5 Rc8 32. Rh3 Kg7 33. Bd3 Rh8 34. Rxh8 Kxh8 35. Bf6+ Kg8 36. Rh1 1-0

[Event "Stara Zagora Beroe op 1st"]
[Site "Stara Zagora"]
[Date "2015.12.20"]
[Round "4"]
[White "Glavchev, Stanislav"]
[Black "Vavov, Petar"]
[Result "1-0"]
[WhiteElo "2078"]
[BlackElo "1736"]
[PlyCount "53"]
[EventDate "2015.12.19"]
[EventType "swiss"]
[EventRounds "6"]
[EventCountry "BUL"]
[SourceTitle "EXT 2017"]
[Source "ChessBase"]
[SourceDate "2016.10.25"]
[SourceVersion "1"]
[SourceVersionDate "2016.10.25"]
[SourceQuality "1"]

1. e4 d6 2. Nc3 Nc6 3. d4 e5 4. dxe5 Nxe5 5. f4 Nc6 6. Nf3 a6 7. Bc4 Be6 8. Qe2 Bxc4 9. Qxc4 Na5 10. Qd3 Nc6 11. Be3 Nf6 12. h3 Be7 13. 0-0-0 0-0 14. g4 b5 15. g5 Nh5 16. Nd5 f6 17. h4 Qd7 18. Rhg1 g6 19. gxf6 Nxf6 20. Ng5 Ng4 21. Nxe7+ Nxe7 22. Qb3+ d5 23. exd5 Nxe3 24. Qxe3 Nf5 25. Qe6+ Qxe6 26. Nxe6 Rf7 27. h5 1-0

[Event "Stara Zagora Beroe op 1st"]
[Site "Stara Zagora"]
[Date "2015.12.19"]
[Round "2"]
[White "Glavchev, Stanislav"]
[Black "Dafchev, Ivan Bonchev"]
[Result "1-0"]
[WhiteElo "2078"]
[BlackElo "1561"]
[PlyCount "81"]
[EventDate "2015.12.19"]
[EventType "swiss"]
[EventRounds "6"]
[EventCountry "BUL"]
[SourceTitle "EXT 2017"]
[Source "ChessBase"]
[SourceDate "2016.10.25"]
[SourceVersion "1"]
[SourceVersionDate "2016.10.25"]
[SourceQuality "1"]

1. e4 e6 2. d4 d5 3. Nd2 Be7 4. Ngf3 Nf6 5. e5 Nfd7 6. Bd3 c5 7. c3 Nc6 8. 0-0 h5 9. Re1 cxd4 10. cxd4 g5 11. Nb3 g4 12. Nfd2 a5 13. a4 Nb4 14. Bb5 Nc6 15. Nf1 Nb6 16. Bf4 Bd7 17. Rc1 Nb4 18. Nc5 Bxc5 19. dxc5 Bxb5 20. axb5 Nc4 21. Qe2 Rc8 22. b3 Na3 23. b6 Qe7 24. Be3 a4 25. bxa4 Nc4 26. Nd2 Nxe3 27. Qxe3 Na6 28. Nb3 Qd7 29. Qd4 Qe7 30. Rc3 Qd7 31. Rec1 Rg8 32. Qf4 Qe7 33. c6 bxc6 34. Rxc6 Rxc6 35. Rxc6 Qb7 36. Na5 Qb8 37. b7 Nc7 38. Qc1 Kd7 39. Qc5 Ne8 40. Rc8 Qxe5 41. b8N+ 1-0

[Event "Stara Zagora Beroe op 1st"]
[Site "Stara Zagora"]
[Date "2015.12.19"]
[Round "1"]
[White "Ramadanov, Esat"]
[Black "Glavchev, Stanislav"]
[Result "0-1"]
[WhiteElo "1503"]
[BlackElo "2078"]
[PlyCount "118"]
[EventDate "2015.12.19"]
[EventType "swiss"]
[EventRounds "6"]
[EventCountry "BUL"]
[SourceTitle "EXT 2017"]
[Source "ChessBase"]
[SourceDate "2016.10.25"]
[SourceVersion "1"]
[SourceVersionDate "2016.10.25"]
[SourceQuality "1"]

1. d4 d5 2. c4 Nc6 3. Nf3 Bg4 4. cxd5 Bxf3 5. gxf3 Qxd5 6. e3 e5 7. Nc3 Bb4 8. Bd2 Bxc3 9. bxc3 Qd6 10. Bg2 Nge7 11. 0-0 0-0 12. dxe5 Nxe5 13. e4 Nc4 14. Bg5 f6 15. Bh4 Qc5 16. Qd4 Qxd4 17. cxd4 Rfd8 18. d5 c6 19. Rfb1 cxd5 20. Rxb7 Ng6 21. Bg3 d4 22. Bf1 Nd2 23. Be2 d3 24. Bd1 Kh8 25. Rc1 Rac8 26. Rxc8 Rxc8 27. Rxa7 h5 28. Rc7 Rb8 29. Rc1 Rb2 30. a4 h4 31. Bc7 h3 32. Bg3 Ne5 33. Bxe5 fxe5 34. Ra1 Nc4 35. a5 Nxa5 36. Kf1 Nc4 37. Rc1 Nd2+ 38. Ke1 Nxf3+ 39. Bxf3 d2+ 40. Kd1 dxc1Q+ 41. Kxc1 Rxf2 42. Bg4 Rxh2 43. Kd1 Kh7 44. Ke1 Kh6 45. Kf1 Kg5 46. Be6 Kf4 47. Kg1 Rg2+ 48. Kh1 Rg6 49. Bf5 Rf6 50. Bxh3 Rh6 51. Kg2 Rxh3 52. Kxh3 Kxe4 53. Kg3 Ke3 54. Kg2 Ke2 55. Kg3 e4 56. Kf4 e3 57. Ke4 Kf2 58. Kd3 e2 59. Kd2 e1Q+ 0-1

[Event "BUL-chT GpB 63rd"]
[Site "Sunny Beach"]
[Date "2013.09.20"]
[Round "3.3"]
[White "Glavchev, Stanislav"]
[Black "Mladenov, Emil"]
[Result "1/2-1/2"]
[WhiteElo "2137"]
[BlackElo "2077"]
[PlyCount "90"]
[EventDate "2013.09.19"]
[EventType "team-tourn"]
[EventRounds "9"]
[EventCountry "BUL"]
[SourceTitle "CBM 156 Extra"]
[Source "ChessBase"]
[SourceDate "2013.10.22"]
[SourceVersion "1"]
[SourceVersionDate "2013.10.22"]
[SourceQuality "1"]
[WhiteTeam "Yambol Tundzha"]
[BlackTeam "Slivnitsa Geroy"]
[WhiteTeamCountry "BUL"]
[BlackTeamCountry "BUL"]

1. e4 d5 2. exd5 Qxd5 3. Nc3 Qa5 4. g3 Nf6 5. Bg2 c6 6. Nge2 h5 7. h3 Na6 8. a3 e5 9. Rb1 Qd8 10. b4 Nc7 11. d4 Bd6 12. dxe5 Bxe5 13. Qxd8+ Kxd8 14. Be3 Nb5 15. Nxb5 cxb5 16. 0-0 Kc7 17. Nd4 Bxd4 18. Bxd4 Be6 19. Rfe1 a6 20. Re5 Rac8 21. Rg5 Rhg8 22. Rd1 Kb8 23. Be5+ Ka7 24. Rd6 Nd7 25. Bd4+ Kb8 26. Rxg7 Rxg7 27. Bxg7 Rxc2 28. Rd3 Nb6 29. Be5+ Kc8 30. Bf6 Nc4 31. Rd8+ Kc7 32. Rh8 Nxa3 33. Be5+ Kd7 34. Bxb7 Nc4 35. Bf6 a5 36. bxa5 Nxa5 37. Be4 Rc1+ 38. Kg2 Nc4 39. Rxh5 Nd6 40. Bf3 b4 41. Ra5 b3 42. Ra7+ Kc8 43. Ra8+ Kd7 44. Ra7+ Kc8 45. Ra8+ Kd7 1/2-1/2

[Event "Kesarovski Georgiev Memorial-B 12th"]
[Site "Sunny Beach"]
[Date "2013.09.03"]
[Round "4"]
[White "Malay, Sergey"]
[Black "Glavchev, Stanislav"]
[Result "1/2-1/2"]
[WhiteElo "1921"]
[BlackElo "2137"]
[PlyCount "88"]
[EventDate "2013.08.31"]
[EventType "swiss"]
[EventRounds "9"]
[EventCountry "BUL"]
[SourceTitle "CBM 156 Extra"]
[Source "ChessBase"]
[SourceDate "2013.10.22"]
[SourceVersion "1"]
[SourceVersionDate "2013.10.22"]
[SourceQuality "1"]

1. c4 Nc6 2. g3 e5 3. Nc3 h5 4. Nf3 Bc5 5. e3 d6 6. d4 Bb4 7. h3 Bf5 8. d5 Bxc3+ 9. bxc3 Nb8 10. Nh4 Be4 11. f3 g5 12. Ng2 Bg6 13. c5 e4 14. f4 Nd7 15. Bb5 Kf8 16. Bxd7 Qxd7 17. Qd4 Rh7 18. fxg5 Ne7 19. Nf4 Qf5 20. 0-0 Kg8 21. Qf6 Qxf6 22. gxf6 Nf5 23. Kh2 dxc5 24. Rb1 b6 25. Nxh5 Rxh5 26. g4 Rg5 27. gxf5 Rxf5 28. Rxf5 Bxf5 29. Kg3 Kh7 30. c4 Rg8+ 31. Kf4 Bxh3 32. Kxe4 Rg1 33. Ra1 Kg6 34. Bb2 Bf5+ 35. Kf3 Rxa1 36. Bxa1 Bd3 37. Be5 Bxc4 38. e4 Bxa2 39. Bxc7 Kxf6 40. Bb8 b5 41. Bxa7 c4 42. Bd4+ Ke7 43. Bc5+ Kd7 44. Bb4 Bb1 1/2-1/2

[Event "BUL-chT2"]
[Site "Albena"]
[Date "2011.06.05"]
[Round "6.3"]
[White "Glavchev, Stanislav"]
[Black "Danov, Lyubomir"]
[Result "1-0"]
[WhiteElo "2131"]
[BlackElo "2029"]
[PlyCount "99"]
[EventDate "2011.06.02"]
[EventType "team-tourn"]
[EventRounds "9"]
[EventCountry "BUL"]
[SourceTitle "CBM 142 Extra"]
[Source "ChessBase"]
[SourceDate "2011.06.27"]
[SourceVersion "1"]
[SourceVersionDate "2011.06.27"]
[SourceQuality "1"]
[WhiteTeam "Jambol Tundja"]
[BlackTeam "Pernik Yuriy Benderev"]
[WhiteTeamCountry "BUL"]
[BlackTeamCountry "BUL"]

1. e4 c6 2. Nc3 d5 3. Nf3 Bg4 4. h3 Bxf3 5. Qxf3 e6 6. g3 Nd7 7. Bg2 Ne5 8. Qd1 d4 9. Nb1 d3 10. 0-0 dxc2 11. Qxc2 Qd3 12. Qc3 Qxc3 13. dxc3 0-0-0 14. Nd2 Bc5 15. Nb3 Bb6 16. a4 a6 17. Kh2 h5 18. f4 Ng4+ 19. Kh1 h4 20. Bf3 Nf2+ 21. Kg2 hxg3 22. Kxg3 Nd3 23. e5 Ne7 24. Be4 Nf5+ 25. Bxf5 exf5 26. a5 Ba7 27. Ra4 Rh5 28. Nd4 Rdh8 29. h4 Rxh4 30. Nxf5 Rh3+ 31. Kg4 Nf2+ 32. Rxf2 Bxf2 33. Nd6+ Kc7 34. Rb4 Rg3+ 35. Kf5 b5 36. axb6+ Bxb6 37. Nxf7 Rf8 38. e6 Re8 39. Re4 Rd3 40. Kg6 Rg3+ 41. Ng5 Kd6 42. f5 Kd5 43. Re1 Bd8 44. Rf1 Ke5 45. Re1+ Kd5 46. Kf7 Re7+ 47. Kg8 Rd3 48. Nf7 Ra7 49. Nxd8 Rh3 50. e7 1-0

[Event "Plovdiv Tringov Memorial"]
[Site "Plovdiv"]
[Date "2009.02.04"]
[Round "5"]
[White "Miljkovic, Miroslav M"]
[Black "Glavchev, Stanislav"]
[Result "1-0"]
[WhiteElo "2442"]
[BlackElo "2160"]
[PlyCount "93"]
[EventDate "2009.02.01"]
[EventType "swiss"]
[EventRounds "9"]
[EventCountry "BUL"]
[SourceTitle "CBM 128 Extra"]
[Source "ChessBase"]
[SourceDate "2009.03.05"]
[SourceVersion "2"]
[SourceVersionDate "2009.03.25"]
[SourceQuality "1"]

1. d4 d5 2. c4 Nc6 3. Nf3 Bg4 4. Nc3 e6 5. cxd5 exd5 6. Bf4 Bd6 7. Bg3 Nge7 8. e3 Qd7 9. Be2 0-0 10. 0-0 a6 11. Rc1 Bxg3 12. hxg3 Qd6 13. Ne1 Bxe2 14. Qxe2 Nd8 15. Nd3 Ne6 16. Na4 b6 17. Rc2 f6 18. Rfc1 a5 19. Rc3 Rfe8 20. Qc2 Ra7 21. Qb3 Ng5 22. R3c2 Ne4 23. a3 g5 24. Nc3 Nxc3 25. Rxc3 Kg7 26. g4 Qd7 27. Qd1 c6 28. R1c2 Qe6 29. Nc1 Rc8 30. Qf3 Rac7 31. Ne2 c5 32. dxc5 Rxc5 33. Nd4 Qe5 34. a4 Rxc3 35. Rxc3 Rxc3 36. bxc3 Kf7 37. Qd1 Qe4 38. g3 Qe5 39. Qb1 Qd6 40. Qxh7+ Ke8 41. Qh8+ Kf7 42. Qh5+ Kf8 43. f4 gxf4 44. gxf4 Kg7 45. Qe8 Kh7 46. Qf7+ Kh8 47. Ne6 1-0

[Event "Plovdiv Tringov Memorial"]
[Site "Plovdiv"]
[Date "2009.02.02"]
[Round "3"]
[White "Nadj Hedjesi, Balind"]
[Black "Glavchev, Stanislav"]
[Result "1-0"]
[WhiteElo "2348"]
[BlackElo "2160"]
[PlyCount "72"]
[EventDate "2009.02.01"]
[EventType "swiss"]
[EventRounds "9"]
[EventCountry "BUL"]
[SourceTitle "CBM 128 Extra"]
[Source "ChessBase"]
[SourceDate "2009.03.05"]
[SourceVersion "2"]
[SourceVersionDate "2009.03.25"]
[SourceQuality "1"]

1. e4 Nc6 2. Nf3 e5 3. Bb5 a6 4. Bxc6 dxc6 5. 0-0 Qd6 6. d3 f6 7. Be3 Be6 8. a3 c5 9. Nbd2 0-0-0 10. Qe2 Ne7 11. b4 cxb4 12. axb4 Nc6 13. Bc5 Qd7 14. d4 Bxc5 15. dxc5 Nxb4 16. Rfb1 Na2 17. Qe3 g5 18. Nb3 g4 19. Ne1 Nb4 20. Na5 Qd4 21. Qa3 Nxc2 22. Nxc2 Qxe4 23. Ne3 Rd3 24. Qb2 f5 25. Qxb7+ Qxb7 26. Rxb7 Kd7 27. Nac4 Rc3 28. Nxe5+ Ke7 29. Rxc7+ Kf6 30. Nd7+ Kg5 31. Nb6 h5 32. Rg7+ Kh6 33. Re7 Bb3 34. Nxf5+ Kg5 35. Nd4 Rxc5 36. Nxb3 Rb5 1-0